Calibán y la bruja. Mujeres, cuerpo y acumulación primitiva

Saved in:
Bibliografiske detaljer
Hovedforfatter: Federici, Silvia (Author)
Format: Bog
Sprog:spansk
Udgivet: Madrid, España Traficantes de Sueños 2017
Udgivelse:8a. ed
Serier:Historia, 9
Fag:
Tags: Tilføj Tag
Ingen Tags, Vær først til at tagge denne postø!

MARC

LEADER 00000cam a2200000 a 4500
001 UCC6430
003 CL-VaPUC
005 20201118220920.0
008 181207e20170000sp |||||||||||||||||spa|d
999 |c 373378  |d 373376 
020 |a 9788496453517 
040 |c Pontificia Universidad Católica de Valparaíso 
082 0 4 |a 305.4 FED 2017  |2 21 
100 0 |a Federici, Silvia  |e author  |9 600888 
245 1 0 |a Calibán y la bruja.  |b Mujeres, cuerpo y acumulación primitiva 
250 |a 8a. ed 
260 |a Madrid, España  |b Traficantes de Sueños  |c 2017 
300 |a 372 páginas  
490 0 |a Historia, 9 
583 |a last modification  |c 20181207 13:37:00  |k Rodrigo Vera 
650 |a Mujer  |x Condiciones sociales   |z Europa   |9 858294 
650 |a Mujer   |x Condiciones económicas   |z Europa   |9 858295 
852 |a BIBCUR 
942 |c BK  |2 ddc 
945 |d 20181207 13:37:00  |a dcastane 
952 |0 0  |1 0  |3 erb  |4 0  |6 305_400000000000000_FED_2017  |7 0  |8 A  |9 491478  |a BIBGIM  |b BIBGIM  |i 5522358  |l 4  |o 305.4 FED 2017  |p 5522358  |r 2025-01-15  |s 2022-06-30  |w 2019-11-24  |y BK  |z Catalogado en:20181207  |k SSL 
952 |0 0  |1 0  |3 erb  |4 0  |6 305_400000000000000_FED_2017  |7 0  |8 A  |9 491479  |a BIBGIM  |b BIBGIM  |i 552234K  |l 2  |m 1  |o 305.4 FED 2017  |p 552234K  |r 2024-01-16  |s 2022-09-29  |w 2019-11-24  |y BK  |z Catalogado en:20181207  |k SSL